000 00713nam a22002417a 4500
003 UA-OsUOA
001 55047
007 ta
008 20080807b un ||||| |||| 00| 0 ukr d
100 _aДереш Любко
090 _a821.161.2
_bД36
942 _cBK
040 _aUA-OsUOA
_bukr
_cUA-OsUOA
_dUA-OsUOA
245 _aГаня - заклиначка змій: Ч. 2: Чи є море на Венері, або Котяра-інопланетяра
300 _a16 с.
955 _a3
041 _aukr
080 _a821.161.2
020 _a966-2923-36-5
260 _aК.
_bГрані-Т
_c2006
650 7 _a82 Література. Літературознавство
_2UDC
999 _c333984
_d333984